000 00308nam a22001337a 4500
008 170503b xxu||||| |||| 00| 0 eng d
020 _a9780872207394
041 _aeng
080 _a342
100 _a14
101 _aSHJ
245 _aWAGING WAR ON TRIAL LAWS SOURCEBBOOK
_cDIRCK.B.R
942 _2udc
_cBK
999 _c12573
_d12573